Podiums de la Coupe du monde - Statistiques

Statistiques générales
  • Ce quiz a été pris 80 fois
  • Le résultat moyen est 16 sur 20
Statistiques - réponses
Première place Deuxième place Troisième place Équipe % Correct
2 2 2 France
100%
1 - - Angleterre
99%
4 4 4 Allemagne
97%
5 2 2 Brésil
97%
1 - - Espagne
97%
4 2 1 Italie
97%
3 3 - Argentine
96%
- 3 1 Pays-Bas
94%
2 - - Uruguay
94%
- 1 2 Croatie
87%
- - 1 Belgique
86%
- - 1 Portugal
80%
- - 1 États-Unis
74%
- - 1 Chili
68%
- - 2 Pologne
68%
- 1 2 Suède
68%
- - 1 Turquie
65%
- 2 - Hongrie
61%
- - 1 Autriche
59%
- 2 - Tchécoslovaquie
55%
Aucun quiz correspondant
Distribution des résultats
% des personnes avec chaque résultat
Percentile par nombre de réponses
Votre historique - résultats
Vous n’avez pas pris ce quiz